00357nam a22001577a 4500003000400000005001700004008004100021020001500062040000700077082001200084100001800096245004600114250000800160260002300168300000800191OSt20211229102755.0211229b |||||||| |||| 00| 0 eng d a0321464648 cHU a005.133 aHanly R. Jeri aProblem Solving And Program Design I n C  a5th aNew YorkbNew York f920